000 00367 a2200109 4500
001 ART_30448
005 20260410162004.0
008 260409a
245 1 0 _aProyecto de ley de administración financiera y control del sector público nacional
100 1 _aLe Pera, Alfredo
773 0 _tBoletín Informativo ASAP
_g- Nº 21 (oct. 1992)
_wREV30391
999 _c31534
_d31534